000 00266nam a2200097Ia 4500
001 1223844
005 20250827092915.0
008 250824s9999 xx 000 0 und d
245 0 _aGÜZEL YAZILAR HİKAYELER
_cİSMAİL PARLATIR
260 _bTÜRK DİL KURUMU YAYINLARI
999 _c1223844
_d1223844